<?xml version="1.0" encoding="UTF-8"?>
<record
    xmlns:xsi="http://www.w3.org/2001/XMLSchema-instance"
    xsi:schemaLocation="http://www.loc.gov/MARC21/slim http://www.loc.gov/standards/marcxml/schema/MARC21slim.xsd"
    xmlns="http://www.loc.gov/MARC21/slim">

  <leader>02432nam a22002297a 4500</leader>
  <controlfield tag="005">20230210095006.0</controlfield>
  <controlfield tag="008">230208b           ||||| |||| 00| 0 eng d</controlfield>
  <datafield tag="020" ind1=" " ind2=" ">
    <subfield code="a">9788131715055</subfield>
  </datafield>
  <datafield tag="040" ind1=" " ind2=" ">
    <subfield code="c">AL</subfield>
  </datafield>
  <datafield tag="041" ind1=" " ind2=" ">
    <subfield code="a">English</subfield>
  </datafield>
  <datafield tag="082" ind1=" " ind2=" ">
    <subfield code="2">23</subfield>
    <subfield code="a">001.535</subfield>
    <subfield code="b">WINA</subfield>
  </datafield>
  <datafield tag="100" ind1=" " ind2=" ">
    <subfield code="a">Patrick Henry Winston</subfield>
    <subfield code="9">71763</subfield>
  </datafield>
  <datafield tag="245" ind1=" " ind2=" ">
    <subfield code="a">Artificial Intelligence</subfield>
  </datafield>
  <datafield tag="250" ind1=" " ind2=" ">
    <subfield code="a">3.</subfield>
  </datafield>
  <datafield tag="260" ind1=" " ind2=" ">
    <subfield code="a">Noida</subfield>
    <subfield code="b">Pearson India Education Services Pvt Ltd</subfield>
    <subfield code="c">2010</subfield>
  </datafield>
  <datafield tag="300" ind1=" " ind2=" ">
    <subfield code="a">xxv,737 p.</subfield>
    <subfield code="b">PB</subfield>
    <subfield code="c">24x18 cm.</subfield>
  </datafield>
  <datafield tag="365" ind1=" " ind2=" ">
    <subfield code="a">7544</subfield>
    <subfield code="b">&#x20B9;760.00</subfield>
    <subfield code="c">&#x20B9;</subfield>
    <subfield code="d">&#x20B9;950.00</subfield>
    <subfield code="e">20%</subfield>
    <subfield code="f">31-01-2023</subfield>
  </datafield>
  <datafield tag="521" ind1=" " ind2=" ">
    <subfield code="a">This book explains how it is possible for computers to reason and perceive, thus introducing the field called artificial intelligence. This book would appeal to programmers, professionals and students. This completely rewritten and updated edition reflects the revolutionary progress made since the previous edition was published.
Salient Features
Semiformal representation and procedure specifications bring the ideas to within a step or two implementation and highlight unifying themes.
Application examples provide a glimpse of the ideas at work in real-world systems.
Powerful ideas and principles are identified ad emphasized.
</subfield>
    <subfield code="b">Table of Content
Acknowledgements
Software
Preface
Representations and Methods
The Intelligent Computer
Semantic Nets and Description Matching
Generate and Test, Means-Ends Analysis, and Problem Reduction
Nets and Basic Search
Nets and Optimal Search
Trees and Adversarial Search
Rules and Rule Chaining
Rules, Substrates, and Cognitive Modeling
Frames and Inheritance
Fames and Commonsense
Numeric Constraints and Propagation
Symbolic Constraints and Propagation
Logic and Resolution Proof
Backtracking and Truth Maintenance
Planning
Learning and Regularity Recognition
Learning by Analyzing Difference
Learning by Explaining Experience
Learning by Correcting Mistakes
Learning by Recording Cases
Learning by Managing Multiple Models
Learning by Building Identification Trees
Learning by Training Neural Nets
Learning by Training Perceptions
Learning by Training Approximation Nets
Learning by Simulating Evolution
Recognizing Objects
Describing Images
Expressing Language Constrains
Responding to Questions and Commands
Appendices
Relational Databases
Exercises
Bibliography
Index
Colophon</subfield>
  </datafield>
  <datafield tag="650" ind1=" " ind2=" ">
    <subfield code="a">Artificial Intelligence</subfield>
    <subfield code="9">71337</subfield>
  </datafield>
  <datafield tag="700" ind1=" " ind2=" ">
    <subfield code="a">WINSTON (Patrick Henry)</subfield>
    <subfield code="9">71338</subfield>
  </datafield>
  <datafield tag="942" ind1=" " ind2=" ">
    <subfield code="2">ddc</subfield>
    <subfield code="c">BK</subfield>
  </datafield>
  <datafield tag="999" ind1=" " ind2=" ">
    <subfield code="c">226611</subfield>
    <subfield code="d">226611</subfield>
  </datafield>
  <datafield tag="952" ind1=" " ind2=" ">
    <subfield code="0">0</subfield>
    <subfield code="1">0</subfield>
    <subfield code="2">ddc</subfield>
    <subfield code="4">0</subfield>
    <subfield code="7">0</subfield>
    <subfield code="8">CAA</subfield>
    <subfield code="a">AL</subfield>
    <subfield code="b">AL</subfield>
    <subfield code="d">2023-02-07</subfield>
    <subfield code="e">Biblios Book Point Surathkal Mangalore 575014</subfield>
    <subfield code="g">760.00</subfield>
    <subfield code="l">0</subfield>
    <subfield code="o">001.535 WINA</subfield>
    <subfield code="p">076389</subfield>
    <subfield code="r">2023-02-08 00:00:00</subfield>
    <subfield code="v">950.00</subfield>
    <subfield code="w">2023-02-08</subfield>
    <subfield code="y">BK</subfield>
  </datafield>
</record>
